| 000 | 00552nam a2200193 4500 | ||
|---|---|---|---|
| 003 | CO-ViMGA | ||
| 020 | _a8426355412 | ||
| 040 |
_aCO-ViMGA _bspa _cCO-ViMGA |
||
| 090 |
_aC _bS42l |
||
| 100 | 1 |
_aSlegers, Liesbet _91273 |
|
| 245 | 1 | 0 | _aLaura va a la compra |
| 260 |
_aZaragoza, España _bEdelvives _c2004 |
||
| 300 |
_a26 p. _bPaginas lavables, bordes redondeados |
||
| 490 | _alibros especiales para los más pequeños | ||
| 650 | 1 | 4 |
_aA partir de 8 años _91974 |
| 650 | 1 | 4 |
_aCuento infantil _9276 |
| 700 | 1 |
_aLozano Sobrino Tr. _91975 |
|
| 942 | _2ddc | ||
| 999 |
_c33657 _d33657 |
||